000 00542nam a22001697a 4500
003 SGT
020 _a9788120351547
082 _a381.142,JOS
100 _aJOSEPH,P.T.
245 _aE-COMMERCE AN INDIAN PERSPECTIVE
250 _a5TH
260 _aNEW DELHI
_bPHI
_c2015
300 _a538
650 _aCOMMERCE
653 _aHISTORY OF E-COMMERCE AND INDIAN BUSINESS CONTEXT,BUSINESS MODELS FOR E- COMMERCE,E- MARKETING ,E- SECURITY ,E- PAYMENT,E-SUPPLY CHAIN MANAGEMENT,PORTALS FOR E- BUSINESS,LEGAL AND ETHICAL ISSUES
942 _2ddc
_cFCM
999 _c8922
_d8922